000 00631nam a22001815i 4500
001 54354
003 ES-MaACL
005 20230906162936.0
007 t|
008 960719s1878 sp ||||1| spa d
040 _aCAM
_bspa
_cCAM
100 1 _aFonseca, Damián.
_951517
245 1 0 _aRelación de la expulsión de los moriscos del Reino de Valencia /
_cdel M. Fr. Damián Fonseca.
260 _aValencia :
_bSociedad Valenciana de Bibliófilos,
_c1878 (
_fImprenta de Manuel Alufre)
300 _aXIII, [1], 221, [4] p. ;
_c24 cm.
650 4 _aMoriscos-
_xHistoria-
_y1609-1614, Expulsión.
_9148575
852 _aES-MaACL
_jB-4827
999 _c54354
_d54354